000 00821nam a2200253Ii 4500
003 JO-AjNU
005 20240113145405.0
008 230605s9999||||xx |||||||||||||| ||und||
017 _a2013/4/975
020 _a978-9957-30-471-3
040 _aJO-AjNU
_bara
_erda
_cJO-AjNU
041 _aara
050 1 4 _aPJ8060 2014
100 3 _aالضمور، عماد,
_eauthor
_950289
245 0 0 _aمناهج النص: قراءات في الشعر الأردني المعاصر
250 _aط1
264 3 1 _aعمان: دار فضاءات للنشر والتوزيع، 2013
300 _a296ص
336 _atext
_btxt
_2rdacontent
337 _aunmediated
_bn
_2rdamedia
338 _avolume
_bnc
_2rdacarrier
650 4 _aالاردن - الشعر العربي - تاريخ ونقد - قرن 20
_950290
942 _2lcc
_cBK
999 _c25711
_d25711